1566 1153 1365 1557 1292 1596 1092 1808 1929 1338 1551 1107 1018 1866 1598 1808 1909 1864 1708 1914 1261 1671 1041 1486 1481 1421 1752 1847 1590 1973 1393 1351 1741 1575 1635 1449 1999 1250 1598 1010 1561 1111 1961 1083 1670 1738 1836 1364 1304 1025 1428 1836 1595 1466 1823 1272 1908 1697 1341 1418 1836 1073 1244 1248 1376 1487 1749 1231 1408 1536 1173 1614 1191 1950 1090 1544 1523 1597 1055 1316 1119 1236 1125 1210 1164 1764 1555 1419 1688 1278 1737 1704 1440 1028 1146 1928 1147 1132 1631 BCNSPRNW ULIB Ver.6.0+V

เปลี่ยนเป็นภาษาไทย

Change to English
 แสดงรายละเอียดบรรณานุกรม
  กลับหน้าหลัก

Brief Record : Get Marc (ISO 2709) : E-mail record : QR code < ปิดหน้าต่าง
LEADER : 00000nam 2200000uu 4500
001    13399128007
003     ULIB
008    020711s2563 th a 000 0 tha d
020    ^a9786161143275
060    ^aWY18.8^bพ53ค
100    ^aเพ็ญจมาศ คำธนะ และคณะ
245    ^aคู่มือการใช้รูปแบบการจัดการศึกษาบูรณาการเชิงสร้างสรรค์เพื่อเสริมสร้างอัตลักษณ์บริการด้วยหัวใจความเป็นมนุษย์ของนักศึกษาพยาบาล วิทยาลัยพยาบาลบรมราชชนนี ราชบุรี
250    ^aพิมพ์ครั้งที่ 1
260    ^aกรุงเทพฯ :^bจรัลสนิทวงศ์การพิมพ์,^c2563
300    ^a130 หน้า;^b26 ซม.
650    ^aพยาบาล^xการศึกษา
945    ^p0^l0^i008604
999    ^aประนอม เกษจรัล
รายการนี้ยังไม่มีแท็ก
คุณยังไม่ได้ล็อกอิน คุณสามารถมีกิจกรรมร่วมกับเว็บไซต์ได้ แต่ต้องล็อกอินก่อน ::
  ล็อกอิน

รายการสื่อสารสนเทศ

ลำดับที่ ประเภท เลขเรียก/บาร์โค้ด สถานที่ สถานะ
1. Book การพยาบาล
หนังสือสำรอง
สถานะ=หนังสือสำรอง
WY18.8 พ53ค ฉ.1 
  Barcode: 008604
ห้องสมุดวิทยาเขตสวรรค์ประชารักษ์
►หนังสือทั่วไป
บนชั้น

รายการใกล้เคียง
    ผู้แต่ง [เพ็ญจมาศ คำธนะ และคณะ]

BibComment


ยังไม่เคยถูกคอมเมนท์

คอมเมนท์ทรัพยากรรายการนี้
  คอมเมนท์: คู่มือการใช้รูปแ..


 Copyright 2026. Bcnsprnw @Library